| 000 | 00400nam a22001217a 4500 | ||
|---|---|---|---|
| 082 | _a220 PRO | ||
| 100 |
_aJAHANZAIB,GHINA,ZAIN,DR SALMAN _972085 |
||
| 245 | _aPR-SOF-1290-DESIGN AND IMPLEMENTATION OF A MULTI-AGENT INTELLIGENT ELECTROMECHANICAL SYSTEM (MIEMS | ||
| 260 |
_aISLAMABAD _bNUST COLLEGE OF EME _c2013 |
||
| 650 | _aDE-ELECT-31 | ||
| 700 |
_aSUPERVISOR DR SHOAB A KHAN _969958 |
||
| 942 | _cCR | ||
| 999 |
_c578274 _d578274 |
||